Investigation of the synthesis parameters influence on the product yield and characteristics of the produced biodiesel fuels; Catalytic Hydroprocessing In Oil Refining (STS-HydroCat - 2021)

Bibliografiske detaljer
Parent link:Catalytic Hydroprocessing In Oil Refining (STS-HydroCat - 2021).— 2021.— [PP-6, P. 117-118]
Hovedforfatter: Sosnina D. V. Darjya Vyacheslavovna
Institution som forfatter: Национальный исследовательский Томский политехнический университет Инженерная школа природных ресурсов Отделение химической инженерии
Andre forfattere: Belozertseva N. E. Nataljya Evgenjevna, Bogdanov I. A. Ilya Aleksandrovich
Summary:Title screen
Sprog:engelsk
Udgivet: 2021
Fag:
Online adgang:http://catalysis.ru/resources/institute/Publishing/Report/2021/ABSTRACTS-STS-IV-2021.pdf#page=119
Format: MixedMaterials Electronisk Book Chapter
KOHA link:https://koha.lib.tpu.ru/cgi-bin/koha/opac-detail.pl?biblionumber=665438

MARC

LEADER 00000naa0a2200000 4500
001 665438
005 20250912134127.0
035 |a (RuTPU)RU\TPU\network\36637 
035 |a RU\TPU\network\36636 
090 |a 665438 
100 |a 20210927d2021 k y0engy50 ba 
101 0 |a eng 
102 |a RU 
135 |a drcn ---uucaa 
181 0 |a i  
182 0 |a b 
200 1 |a Investigation of the synthesis parameters influence on the product yield and characteristics of the produced biodiesel fuels  |f D. V. Sosnina, N. E. Belozertseva, I. A. Bogdanov 
203 |a Text  |c electronic 
300 |a Title screen 
320 |a [References: p. 118 (4 tit.)] 
463 |t Catalytic Hydroprocessing In Oil Refining (STS-HydroCat - 2021)  |o Abstracts of the IV Scientific-Technological Symposium, April 26-30, 2021, Novosibirsk, Russia  |f Boreskov Institute of Catalysis SB RAS ; ed. A. Noskov, A. Zagoruiko, O. Klimov  |v [PP-6, P. 117-118]  |d 2021 
610 1 |a электронный ресурс 
610 1 |a труды учёных ТПУ 
700 1 |a Sosnina  |b D. V.  |g Darjya Vyacheslavovna 
701 1 |a Belozertseva  |b N. E.  |g Nataljya Evgenjevna 
701 1 |a Bogdanov  |b I. A.  |c chemist  |c Research Engineer of Tomsk Polytechnic University  |f 1994-  |g Ilya Aleksandrovich  |3 (RuTPU)RU\TPU\pers\46560  |9 22218 
712 0 2 |a Национальный исследовательский Томский политехнический университет  |b Инженерная школа природных ресурсов  |b Отделение химической инженерии  |3 (RuTPU)RU\TPU\col\23513 
801 2 |a RU  |b 63413507  |c 20210927  |g RCR 
856 4 |u http://catalysis.ru/resources/institute/Publishing/Report/2021/ABSTRACTS-STS-IV-2021.pdf#page=119 
942 |c CF